Score 0/12 Timer 03:00
1 Play Today
% Correct
Bugs Bunny
98.6%
Elmer Fudd
92.8%
Speedy Gonzales
92.5%
Marvin the Martian
92.1%
Road Runner
91.9%
Pepé Le Pew
90.8%
Porky Pig
89.9%
Tweety Bird
89.4%
Daffy Duck
86.4%
Yosemite Sam
85.9%
Foghorn Leghorn
83.6%
Sylvester the Cat
73.8%
Remove Ads.
Support Sporcle.
Get the best of Sporcle when you Go Orange. This ad-free experience offers more features, more stats, and more fun while also helping to support Sporcle. Thank you for becoming a member.

You're not logged in!

Compare scores with friends on all Sporcle quizzes.
OR
Log In

Sporcle TV

Today on Sporcle TV


Watch our educational content, quiz creation guides, and fun videos on Sporcle TV.

Show Comments

Extras

Top Quizzes Today


Score Distribution

Paid Content

Your Account Isn't Verified!

In order to create a playlist on Sporcle, you need to verify the email address you used during registration. Go to your Sporcle Settings to finish the process.

Report this User

Report this user for behavior that violates our Community Guidelines.

Details: